000 00502nam a2200181Ia 4500
005 20250508161751.0
008 008 250505s9999 xx 000 0 eng d
037 _aTextual
040 _aFEDL
_beng
_cFEDL
041 _aeng
_2eng
084 _aF, COA
_qFEDL
100 _aCoatsworth Elizabeth
_9771514
245 0 _aGreat golden story book of cat stories
260 _aNew York, USA
_bSimon and Schuster
_c1953
300 _a60p.
942 _cTEXL
_hF, COA
999 _c1372062
_d1372062